<?xml version="1.0" encoding="UTF-8"?><?xml-stylesheet type="text/xsl" href="static/style.xsl"?><OAI-PMH xmlns="http://www.openarchives.org/OAI/2.0/" xmlns:xsi="http://www.w3.org/2001/XMLSchema-instance" xsi:schemaLocation="http://www.openarchives.org/OAI/2.0/ http://www.openarchives.org/OAI/2.0/OAI-PMH.xsd"><responseDate>2026-04-18T04:08:49Z</responseDate><request verb="GetRecord" identifier="oai:www.recercat.cat:2445/222740" metadataPrefix="marc">https://recercat.cat/oai/request</request><GetRecord><record><header><identifier>oai:recercat.cat:2445/222740</identifier><datestamp>2025-12-05T14:19:01Z</datestamp><setSpec>com_2072_1057</setSpec><setSpec>col_2072_478902</setSpec><setSpec>col_2072_478917</setSpec></header><metadata><record xmlns="http://www.loc.gov/MARC21/slim" xmlns:dcterms="http://purl.org/dc/terms/" xmlns:xsi="http://www.w3.org/2001/XMLSchema-instance" xmlns:doc="http://www.lyncode.com/xoai" xsi:schemaLocation="http://www.loc.gov/MARC21/slim http://www.loc.gov/standards/marcxml/schema/MARC21slim.xsd">
   <leader>00925njm 22002777a 4500</leader>
   <datafield ind2=" " ind1=" " tag="042">
      <subfield code="a">dc</subfield>
   </datafield>
   <datafield ind2=" " ind1=" " tag="720">
      <subfield code="a">Englert, Jenny</subfield>
      <subfield code="e">author</subfield>
   </datafield>
   <datafield ind2=" " ind1=" " tag="720">
      <subfield code="a">Palà Sánchez, Marc</subfield>
      <subfield code="e">author</subfield>
   </datafield>
   <datafield ind2=" " ind1=" " tag="720">
      <subfield code="a">Quandt, Jonas</subfield>
      <subfield code="e">author</subfield>
   </datafield>
   <datafield ind2=" " ind1=" " tag="720">
      <subfield code="a">Sieben, Hannah</subfield>
      <subfield code="e">author</subfield>
   </datafield>
   <datafield ind2=" " ind1=" " tag="720">
      <subfield code="a">Grottke, Oliver</subfield>
      <subfield code="e">author</subfield>
   </datafield>
   <datafield ind2=" " ind1=" " tag="720">
      <subfield code="a">Marx, Bernd</subfield>
      <subfield code="e">author</subfield>
   </datafield>
   <datafield ind2=" " ind1=" " tag="720">
      <subfield code="a">Lligadas, Gerard</subfield>
      <subfield code="e">author</subfield>
   </datafield>
   <datafield ind2=" " ind1=" " tag="720">
      <subfield code="a">Rodríguez Emmenegger, César</subfield>
      <subfield code="e">author</subfield>
   </datafield>
   <datafield ind2=" " ind1=" " tag="260">
      <subfield code="c">2025-08-01T11:03:59Z</subfield>
   </datafield>
   <datafield ind2=" " ind1=" " tag="260">
      <subfield code="c">2025-08-01T11:03:59Z</subfield>
   </datafield>
   <datafield ind2=" " ind1=" " tag="260">
      <subfield code="c">2025-05-28</subfield>
   </datafield>
   <datafield ind2=" " ind1=" " tag="260">
      <subfield code="c">2025-08-01T08:39:04Z</subfield>
   </datafield>
   <datafield ind2=" " ind1=" " tag="520">
      <subfield code="a">Antifouling coatings are vital to enhance the performance of medical devices, aiming to mitigate bodily reactions by shielding their surface. Despite significant advancements in antifouling coatings, like those based on zwitterionic monomers and hydroxyl-functionalized (meth)acrylamides, limitations like decreased antifouling properties after functionalization and complement system activation hinder their application in blood. Here, a novel class of ultrathin surface-attached hydrogels is presented, consisting of hydrophilic non-charged green solvent-based monomers and preventing protein adsorption while offering on-demand degradability. Unlike the best antifouling brushes, the coatings are easily applicable, unaffected by charges, and free of complement system-activating groups. The hydrogels are formed using copolymers of N,N-dimethyl lactamide acrylate (DMLA) and benzophenone acrylate (BPA). Moreover, 5,6-benzo-2-methylene-1,3-dioxepane (BMDO) is incorporated to introduce hydrolyzable ester. The coating of state-of-the-art devices is demonstrated with X-ray photoelectron spectroscopy (XPS), analyze surface energy components, and confirm their antifouling properties with surface plasmon resonance (SPR). The coatings are non-cytotoxic toward MRC-5 fibroblasts, exhibit repellency against methicillin-resistant Staphylococcus aureus (MRSA), and effectively prevent thrombus formation on devices in blood. This work establishes a versatile platform for next-generation coatings in medical and industrial applications, matching the antifouling efficiency of the most advanced solutions and offering regeneration of substrates by erasing the coating.</subfield>
   </datafield>
   <datafield tag="653" ind2=" " ind1=" ">
      <subfield code="a">Materials biomèdics</subfield>
   </datafield>
   <datafield tag="653" ind2=" " ind1=" ">
      <subfield code="a">Adherència bacteriana</subfield>
   </datafield>
   <datafield tag="653" ind2=" " ind1=" ">
      <subfield code="a">Biomedical materials</subfield>
   </datafield>
   <datafield tag="653" ind2=" " ind1=" ">
      <subfield code="a">Bacterial adhesion</subfield>
   </datafield>
   <datafield ind2="0" ind1="0" tag="245">
      <subfield code="a">Antifouling surface-attached hydrogel nanocoatings redefined: green solvent-based, degradable, and high-performance protection against foulants</subfield>
   </datafield>
</record></metadata></record></GetRecord></OAI-PMH>